انوار سهيلى = Anwar Saheli / Anvār-i Suhaylī = Anwar Saheli / (Record no. 83075)
[ view plain ]
| 000 -LEADER | |
|---|---|
| fixed length control field | 00981nam a2200265 a 4500 |
| 001 - CONTROL NUMBER | |
| control field | 83075 |
| 003 - CONTROL NUMBER IDENTIFIER | |
| rucl marc code | BD-RjUL |
| 005 - DATE AND TIME OF LATEST TRANSACTION | |
| control field | 20240213110946.0 |
| 008 - FIXED-LENGTH DATA ELEMENTS--GENERAL INFORMATION | |
| fixed length control field | 240213s1297 ir ||||| |||| 00| 0 per d |
| 035 ## - SYSTEM CONTROL NUMBER | |
| System control number | (BD-RjUL)83075 |
| 040 ## - CATALOGING SOURCE | |
| Original cataloging agency | NNL |
| Language of cataloging | ara |
| Transcribing agency | BD-RjUL |
| 041 ## - LANGUAGE CODE | |
| Language code of text/sound track or separate title | per |
| 082 ## - DEWEY DECIMAL CLASSIFICATION NUMBER | |
| Edition number | 23 |
| Classification number | 891.558 |
| Author mark and year | MUA 1297 |
| 084 ## - OTHER CLASSIFICATION NUMBER | |
| Classification number | 891.558 |
| 130 0# - MAIN ENTRY--UNIFORM TITLE | |
| Uniform title | كليلة ودمنة. |
| Name of part/section of a work | بالفارسية |
| 9 (RLIN) | 11708 |
| 245 10 - TITLE STATEMENT | |
| Title | انوار سهيلى = Anwar Saheli / Anvār-i Suhaylī = Anwar Saheli / |
| Statement of responsibility, etc. | باهتمام...محمد عبد الخالق...biahtimam...muhamadabd alkhaliq |
| 260 ## - PUBLICATION, DISTRIBUTION, ETC. (IMPRINT) | |
| Place of publication, distribution, etc. | لكهنو، الهند : |
| Name of publisher, distributor, etc. | مطبع يوسفى، |
| Date of publication, distribution, etc. | دون تاريخ. |
| 300 ## - PHYSICAL DESCRIPTION | |
| Pagination | 456 p. ;. |
| Size | 23 cm |
| 490 ## - SERIES STATEMENT | |
| Series statement | "Persian literature series"--Jacket |
| 650 ## - SUBJECT ADDED ENTRY--TOPICAL TERM | |
| Topical term or geographic name as entry element | "Persian literature |
| 700 1# - ADDED ENTRY--PERSONAL NAME | |
| Personal name | عبد الخالق، محمد |
| Personal name | الكاشفي، حسين بن علي، |
| Dates associated with a name | توفي 1504 |
| 830 ## - SERIES ADDED ENTRY--UNIFORM TITLE | |
| Uniform title | "Persian literature series"--Jacket |
| 942 ## - ADDED ENTRY ELEMENTS (KOHA) | |
| Source of classification or shelving scheme | Dewey Decimal Classification |
| Koha item type | Books |
| Lost status | Source of classification or shelving scheme | Damaged status | Not for loan | Collection code | Permanent Location | Current Location | Shelving location | Date acquired | Total Checkouts | Full call number | Date last seen | Copy number | Koha item type |
|---|---|---|---|---|---|---|---|---|---|---|---|---|---|
| Dewey Decimal Classification | Not For Loan | Non-fiction | Central Library, University of Rajshahi | Central Library, University of Rajshahi | Reading Room | 13/02/2024 | F 891.558 MUA 1297 | 13/02/2024 | C-1 | Books |